Protocol municipal : manual de consulta / Imago Grup manual de consulta / Imago Grup
Publicado:
Barcelona :
Diputació de Barcelona. Àrea de Presidència. Direcció de Serveis de Formació ,
2009
Descripción Física:
89 p. : quadres ; 29 cm
MARC
| LEADER | 00000nam a2200000Ia 4500 | ||
|---|---|---|---|
| 001 | 22514 | ||
| 003 | BGR | ||
| 005 | 20260324180021.0 | ||
| 008 | 160829s2009 xx 000 0 cat d | ||
| 080 | |a M-6-345 | ||
| 245 | |a Protocol municipal : |b manual de consulta / Imago Grup | ||
| 250 | |a 3a ed. | ||
| 260 | |a Barcelona : |b Diputació de Barcelona. Àrea de Presidència. Direcció de Serveis de Formació, |c 2009 | ||
| 300 | |a 89 p. : |b quadres ; |c 29 cm | ||
| 590 | |a Bibliografia | ||
| 650 | |a Protocol oficial |x Manuals, guies, etc. |9 43966 | ||
| 650 | |a Etiqueta |x Manuals, guies, etc. |9 44338 | ||
| 650 | |a Administració local |x Manuals, guies, etc. |9 43968 | ||
| 710 | |a Barcelona (Catalunya : Província). |b Direcció de Serveis de Formació |9 51343 | ||
| 710 | 2 | |a Imago Grup |9 71038 | |
| 901 | |a Arxiu | ||
| 942 | |n 1 |2 udc |c MON | ||
| 952 | |0 0 |1 0 |4 0 |6 M6345 |7 1 |9 51707 |a Arxiu |b Arxiu |d 2016-12-01 |l 0 |o M-6-345 |p 22514 |r 2016-12-01 00:00:00 |w 2016-12-01 |y ARXIU | ||
| 999 | |c 55552 |d 55552 | ||